<?xml version="1.0" encoding="UTF-8"?>
<record
    xmlns:xsi="http://www.w3.org/2001/XMLSchema-instance"
    xsi:schemaLocation="http://www.loc.gov/MARC21/slim http://www.loc.gov/standards/marcxml/schema/MARC21slim.xsd"
    xmlns="http://www.loc.gov/MARC21/slim">

  <leader>00609    a2200181   4500</leader>
  <datafield tag="999" ind1=" " ind2=" ">
    <subfield code="c">26555</subfield>
    <subfield code="d">26555</subfield>
  </datafield>
  <controlfield tag="008">230630b           ||||| |||| 00| 0 eng d</controlfield>
  <datafield tag="020" ind1=" " ind2=" ">
    <subfield code="a">9789332551824</subfield>
    <subfield code="c">Rs699.00</subfield>
  </datafield>
  <datafield tag="041" ind1="0" ind2=" ">
    <subfield code="a">eng</subfield>
  </datafield>
  <datafield tag="082" ind1="0" ind2="0">
    <subfield code="a">620.00151825</subfield>
    <subfield code="b">C45622</subfield>
  </datafield>
  <datafield tag="100" ind1=" " ind2=" ">
    <subfield code="a">Chandrupatla, Tirupathi R.</subfield>
  </datafield>
  <datafield tag="245" ind1=" " ind2=" ">
    <subfield code="a">Introduction to Finite Elements in Engineering /</subfield>
  </datafield>
  <datafield tag="250" ind1=" " ind2=" ">
    <subfield code="a">4th ed.</subfield>
  </datafield>
  <datafield tag="260" ind1=" " ind2=" ">
    <subfield code="a">Noida :</subfield>
    <subfield code="b">Pearson india education services pvt. ltd.,</subfield>
    <subfield code="c">2019.</subfield>
  </datafield>
  <datafield tag="300" ind1=" " ind2=" ">
    <subfield code="a">512 p. :</subfield>
    <subfield code="b">ill. ;</subfield>
    <subfield code="c">24 cm.</subfield>
  </datafield>
  <datafield tag="650" ind1=" " ind2="0">
    <subfield code="a">Finite element method</subfield>
  </datafield>
  <datafield tag="700" ind1=" " ind2=" ">
    <subfield code="9">5584</subfield>
    <subfield code="a">Belegundu, Ashok D.</subfield>
  </datafield>
  <datafield tag="942" ind1=" " ind2=" ">
    <subfield code="2">ddc</subfield>
    <subfield code="c">BK</subfield>
  </datafield>
  <datafield tag="952" ind1=" " ind2=" ">
    <subfield code="0">0</subfield>
    <subfield code="1">0</subfield>
    <subfield code="2">ddc</subfield>
    <subfield code="4">0</subfield>
    <subfield code="6">620_001518250000000_C45622</subfield>
    <subfield code="7">0</subfield>
    <subfield code="9">51095</subfield>
    <subfield code="a">CL</subfield>
    <subfield code="b">CL</subfield>
    <subfield code="c">REF</subfield>
    <subfield code="d">2023-06-30</subfield>
    <subfield code="e">5</subfield>
    <subfield code="g">599.25</subfield>
    <subfield code="o">620.00151825 C45622</subfield>
    <subfield code="p">14232</subfield>
    <subfield code="r">2023-06-30</subfield>
    <subfield code="v">799.00</subfield>
    <subfield code="y">BK</subfield>
  </datafield>
  <datafield tag="952" ind1=" " ind2=" ">
    <subfield code="0">0</subfield>
    <subfield code="1">0</subfield>
    <subfield code="2">ddc</subfield>
    <subfield code="4">0</subfield>
    <subfield code="6">620_001518250000000_C45622</subfield>
    <subfield code="7">0</subfield>
    <subfield code="9">51096</subfield>
    <subfield code="a">CL</subfield>
    <subfield code="b">CL</subfield>
    <subfield code="d">2023-06-30</subfield>
    <subfield code="e">5</subfield>
    <subfield code="g">599.25</subfield>
    <subfield code="o">620.00151825 C45622</subfield>
    <subfield code="p">14233</subfield>
    <subfield code="r">2023-06-30</subfield>
    <subfield code="v">799.00</subfield>
    <subfield code="y">BK</subfield>
  </datafield>
  <datafield tag="952" ind1=" " ind2=" ">
    <subfield code="0">0</subfield>
    <subfield code="1">0</subfield>
    <subfield code="2">ddc</subfield>
    <subfield code="4">0</subfield>
    <subfield code="6">620_001518250000000_C45622</subfield>
    <subfield code="7">0</subfield>
    <subfield code="9">51097</subfield>
    <subfield code="a">CL</subfield>
    <subfield code="b">CL</subfield>
    <subfield code="d">2023-07-03</subfield>
    <subfield code="e">5</subfield>
    <subfield code="g">599.25</subfield>
    <subfield code="o">620.00151825 C45622</subfield>
    <subfield code="p">14263</subfield>
    <subfield code="r">2023-07-03</subfield>
    <subfield code="v">799.00</subfield>
    <subfield code="y">BK</subfield>
  </datafield>
</record>
